Elementos de microeconomía (Registro nro. 6010)

Detalles MARC
000 -Cabecera
Campo de control de longitud fija 00630aam a2200265 4500
005 - Fecha y hora de la última transacción
Campo de control 20250819102439.0
008 - Elementos de longitud fija--Información general
Campo de control de longitud fija 150526b2016 xxu||||| |||| 00| 0 spa d
020 ## - International Standard Book Number
Número Internacional Estándar del Libro (ISBN) 9789977641041
041 ## - Idioma
Código de idioma
082 ## - Clasificación Decimal Dewey
Número de clasificación 338.5 R788e
100 ## - Entrada principal--Autor personal
Nombre personal Rosales Obando, José
245 ## - Título propiamente dicho
Título Elementos de microeconomía
260 ## - Pie de imprenta
Lugar de publicación, distribución, etc. Costa Rica
260 ## - Pie de imprenta
Nombre del editor, distribuidor, etc. EUNED
260 ## - Pie de imprenta
Fecha de publicación, distribución, etc. 2015
300 ## - Descripción física
Extensión 172 páginas
490 ## - Serie
Título de la Serie Dirección y Administración de Empresas
650 ## - Materia general
Temática (materia general) MICROECONOMÍA
650 ## - Materia general
Temática (materia general) OFERTA
650 ## - Materia general
Temática (materia general) DEMANDA
650 ## - Materia general
Temática (materia general) PRODUCCIÓN
650 ## - Materia general
Temática (materia general) COSTOS
650 ## - Materia general
Temática (materia general) MONOPOLIO
942 ## - Punto de acceso adicional KOHA
Tipo de ítem KOHA Libro
Fuente del sistema de clasificación o colocación Dewey Decimal Classification
Existencias
Signatura completa Código de barras Tipo de ítem Programa Académico
338.5 R788e 1521 Libro  
338.5 R788e 1522 Libro  
338.5 R788e 1523 Libro  
338.5 R788e 3121 Libro  
338.5 R788e 8736 Libro Dirección y Administración de Empresas
338.5 R788e 9311 Libro Dirección y Administración de Empresas
338.5 R788e 11595 Libro Dirección y Administración de Empresas
338.5 R788e 11596 Libro Dirección y Administración de Empresas
338.5 R788e 11597 Libro Dirección y Administración de Empresas
338.5 R788e 18263 Libro Dirección y Administración de Empresas
338.5 R788e 18264 Libro Dirección y Administración de Empresas
338.5 R788e 18265 Libro Dirección y Administración de Empresas
338.5 R788e 18266 Libro Dirección y Administración de Empresas
338.5 R788e 18115 Libro Dirección y Administración de Empresas
338.5 R788e 18116 Libro Dirección y Administración de Empresas
338.5 R788e 18117 Libro Dirección y Administración de Empresas
338.5 R788e 20168 Libro Dirección y Administración de Empresas
338.5 R788e 20169 Libro Dirección y Administración de Empresas
338.5 R788e 20170 Libro Dirección y Administración de Empresas
338.5 R788e 20171 Libro Dirección y Administración de Empresas
338.5 R788e 4646 Libro Dirección y Administración de Empresas
338.5 R788e 19611 Libro Dirección y Administración de Empresas
338.5 R788e 20167 Libro Dirección y Administración de Empresas
338.5 R788e 12744 Libro Dirección y Administración de Empresas
338.5 R788e 22924 Libro Dirección y Administración de Empresas
338.5 R788e 22925 Libro Dirección y Administración de Empresas
338.5 R788e 22926 Libro Dirección y Administración de Empresas
338.5 R788e 22927 Libro Dirección y Administración de Empresas
338.5 R788e 22928 Libro Dirección y Administración de Empresas
338.5 R788e 22929 Libro Dirección y Administración de Empresas
338.5 R788e 22930 Libro Dirección y Administración de Empresas
338.5 R788e 24741 Libro Dirección y Administración de Empresas
338.5 R788e 24740 Libro Dirección y Administración de Empresas
338.5 R788e 25762 Libro Dirección y Administración de Empresas